000 00888nac a22002777a 4500
001 BR7602220
003 BR-BrBNA
005 20240105113939.0
008 230509b bl.|||m| |||| 00| 0 por d
040 _aBR-BrBNA
_bpor
_cBiblioteca Nacional de Agricultura
072 _aF10
090 _aF10 BR7602220
110 1 _aDepartamento Nacional de Meteorologia, Rio de Janeiro, RJ (Brasil)
_93294
245 1 _aBoletim agroclimatologico [Temperatura; Chuva; Brasil]
260 3 _aRio de Janeiro, RJ (Brasil):
_cDec 1976.
300 _a22 p.
490 _aBoletim Agroclimatologico - Departamento Nacional de Meteorologia (Brazil)
_v
_x
500 _aNumerical data
650 _aMeteorologia
650 _aClimatologia
650 _aTemperatura
650 _aChuva
650 _aPrecipitacao pluvial
909 _a202312
_bLúcia Elande
_c55
_dLúcia Elande
942 _2AGRIS
_n0
_cMS
999 _c266507
_d266507